Kevei Ferenc biológus emlékére
Elmentve itt :
| Szerző: | |
|---|---|
| Dokumentumtípus: | Cikk |
| Megjelent: |
2003-10-02
|
| Sorozat: | Délmagyarország
93 No. 230 |
| Kulcsszavak: | Kevei Ferenc 1942-2003, Szeged, Egyetemi tanár Szeged, Nekrológ Szeged |
| Online Access: | http://dmarchiv.bibl.u-szeged.hu/132579 |
| LEADER | 00509nab a2200157 i 4500 | ||
|---|---|---|---|
| 001 | delm132579 | ||
| 005 | 20191121121548.0 | ||
| 008 | 191121s2003 hu o 0|| hun d | ||
| 040 | |a SZTE Délmagyarország Archívum |b hun | ||
| 041 | |a hun | ||
| 100 | 1 | |a Kevei Ferenc | |
| 245 | 1 | 0 | |a Kevei Ferenc biológus emlékére |h [elektronikus dokumentum] / |c Kevei Ferenc |
| 260 | |c 2003-10-02 | ||
| 300 | |a 10 | ||
| 490 | 0 | |a Délmagyarország |v 93 No. 230 | |
| 695 | |a Kevei Ferenc 1942-2003, Szeged, Egyetemi tanár Szeged, Nekrológ Szeged | ||